[Event "Masters"]
[Site "Kilkenny IRL"]
[Date "1999.11.26"]
[Round "1"]
[White "O'Cinneide,M"]
[Black "Adams,Mi"]
[Result "0-1"]
[WhiteElo "2252"]
[BlackElo "2708"]

1.Nf3 Nf6 2.c4 e6 3.g3 d5 4.d4 dxc4 5.Bg2 Nc6 6.Qa4 Bb4+ 7.Bd2 Nd5 8.Bxb4 Nxb4
9.Ne5 Bd7 10.O-O O-O 11.Nxc6 Nxc6 12.Qxc4 e5 13.dxe5 Nxe5 14.Qf4 Qe7 15.Nc3 c6
16.Rfd1 f6 17.Rd4 Rfd8 18.Rad1 Be6 19.a3 a5 20.h3 Bb3 21.Rxd8+ Rxd8 22.Rd4 Re8
23.e3 Bf7 24.h4 b5 25.Bf1 h6 26.e4 b4 27.axb4 axb4 28.Nb1 Ba2 29.Rd1 Rd8
30.Rxd8+ Qxd8 31.Qc1 Qd4 32.Nd2 Qxd2  0-1

[Event "Masters"]
[Site "Kilkenny IRL"]
[Date "1999.11.28"]
[Round "6"]
[White "Adams,Mi"]
[Black "Lalic,B"]
[Result "0-1"]
[WhiteElo "2708"]
[BlackElo "2550"]

1.e4 e5 2.Nf3 Nf6 3.Nxe5 d6 4.Nf3 Nxe4 5.d4 d5 6.Bd3 Nc6 7.O-O Be7 8.c4 Nb4
9.Be2 O-O 10.a3 Nc6 11.Qc2 Bf6 12.Be3 Bf5 13.Bd3 Bg6 14.b4 Re8 15.c5 a6 16.Nc3 Nxc3
17.Qxc3 Be4 18.Nd2 Qd7 19.Rfd1 Bxg2 20.Kxg2 Nxd4 21.Bxd4 Qg4+ 22.Kh1 Bxd4
23.Qc2 Bxa1 24.Rxa1 Re5 25.c6 b6 26.Rg1 Qf4 27.Qd1 g6 28.Nf3 Re6 29.Bf1 Rd8
30.b5 axb5 31.Bxb5 d4 32.Qd3 Rf6 33.Rg3 Rd5 34.Kg2 Rc5 35.a4 Rc3 36.Qe2 Kg7
37.Ne1 Re6 38.Nd3 Qxg3+  0-1

[Event "Oz.com qualifier blitz"]
[Site "Internet ICC"]
[Date "2000.03.05"]
[Round "2"]
[White "Liiva,R"]
[Black "Adams,Mi"]
[Result "1/2-1/2"]
[WhiteElo "2420"]
[BlackElo "2715"]

1.e4 e5 2.Nf3 Nc6 3.Nc3 Nf6 4.Bb5 Nd4 5.Nxd4 exd4 6.e5 dxc3 7.exf6 Qxf6 8.dxc3 Bc5
9.O-O O-O 10.Bxd7 Bxd7 11.Qxd7 Rad8 12.Qg4 Rfe8 13.Bf4 h5 14.Qxh5 Qxf4 15.Qxc5 b6
16.Qh5 Rd2 17.g3 Qf6 18.Rad1 Rxc2 19.Qb5 Ree2 20.Qd7 Rxb2 21.Qc8+ Kh7 22.Rd4 g5
23.Qh3+ Kg7 24.Qg2 Rxa2 25.h4 gxh4 26.Rxh4 Ra5 27.Rd1 Rae5 28.Rdd4 Rg5 29.Rdf4 Qxc3
30.Qh3 Qc1+ 31.Kh2 Qc2 32.Rh7+ Qxh7 33.Rxf7+ Kxf7 34.Qxh7+ Ke8 35.Qxc7 Rxf2+
36.Kh3 Rh5+ 37.Kg4 Ra5 38.Qc8+ Kf7 39.Qc4+ Kg7 40.Qd4+ Rf6 41.Kh4 Kg6 42.g4 Rc5
43.Qe4+ Kg7 44.g5 Rff5 45.Qd4+ Kf8 46.Qd8+ Kg7 47.Qd4+ Kg8 48.Qd8+ Rf8 49.Qd7 Rf7
50.Qd8+ Rf8 51.Qd7 Rf7 52.Qd8+ Rf8 53.Qd7 Rff5 54.Qxa7 Rxg5 55.Qxb6 Rge5
56.Qg6+ Kf8 57.Qf6+ Ke8 58.Kg4 Kd7 59.Qf7+ Re7 60.Qf6 Rc4+ 61.Kf3 Rc6 62.Qd4+ Rd6
63.Qg4+ Ree6 64.Qg7+ Kc8 65.Qg8+ Kd7 66.Qg7+ Re7 67.Qg4+ Rde6 68.Qd4+ Kc8
69.Qc4+ Kd8 70.Qd4+ Rd7 71.Qh4+ Ke8 72.Qh8+ Ke7 73.Qg7+ Kd6 74.Qd4+ Kc7 75.Qc4+ Rc6
76.Qf4+ Rdd6 77.Qf7+ Kb8 78.Qf8+ Kb7 79.Qf7+ Rc7 80.Qb3+ Rb6 81.Qd5+ Ka7
82.Qa5+ Kb7 83.Qd5+ Rcc6 84.Qf7+ Ka6 85.Qa2+ Kb5 86.Qb3+ Kc5 87.Qc3+ Kd5
88.Qd3+ Ke6 89.Qe4+ Kd7 90.Qd5+ Rd6 91.Qf7+ Kc6 92.Qe8+ Kb7 93.Qf7+ Ka8 94.Qf8+ Ka7
95.Qf7+ Ka6 96.Qa2+ Kb7 97.Qf7+ Kc6 98.Qc4+ Kd7 99.Qf7+ Kc8  1/2-1/2

[Event "Grand Prix Rapidplay"]
[Site "Bordeaux FRA"]
[Date "2000.04.06"]
[Round "1.2"]
[White "Fressinet,L"]
[Black "Adams,Mi"]
[Result "1/2-1/2"]
[WhiteElo "2501"]
[BlackElo "2715"]

1.e4 e5 2.Nf3 Nc6 3.Bb5 a6 4.Bxc6 dxc6 5.O-O Qf6 6.d4 exd4 7.Bg5 Qd6 8.Nxd4 Be7
9.Bxe7 Nxe7 10.Nc3 Bd7 11.Nb3 Qxd1 12.Raxd1 O-O-O 13.Nd2 b6 14.Nc4 Be6 15.Ne3 c5
16.f4 f6 17.Kf2 Rd4 18.Kf3 Nc6 19.Ncd5 Re8 20.c3 Ra4 21.a3 Bf7 22.Nf5 Raxe4
23.Nxb6+ Kb7 24.Nd7 Re2 25.Nxc5+ Kb6 26.Nd7+ Kb7 27.Kg3 Bg6 28.Nd4 Nxd4 29.Rxd4 Rxb2
30.Rb4+ Rxb4 31.axb4 Kc6 32.Nc5 a5 33.Kf3 Bf7 34.Ra1 axb4 35.cxb4 Bd5+ 36.Kf2 Rb8
37.Ra6+ Rb6 38.Ra7 Rxb4 39.Rxc7+ Kxc7 40.Na6+ Kd6 41.Nxb4 Be4 42.Na2 h5 43.Nc3 Bc6
44.g3 Ke6 45.Ne2 Kd5 46.Ke3 Bd7 47.Nd4 Bg4 48.Nc2 Bf5 49.Ne1 Bg4 50.Nd3 Bf5
51.Nf2 g5 52.Nd1 h4 53.Nc3+ Ke6 54.gxh4 gxh4 55.Nb5 Kd5 56.Nc3+ Ke6 57.Kd4 Bc2
58.Ne4 Kf5 59.Nc3 Kxf4 60.Nd5+  1/2-1/2

[Event "Grand Prix Rapidplay"]
[Site "Bordeaux FRA"]
[Date "2000.04.06"]
[Round "1.1"]
[White "Adams,Mi"]
[Black "Fressinet,L"]
[Result "1-0"]
[WhiteElo "2715"]
[BlackElo "2501"]

1.e4 c5 2.Nf3 d6 3.d4 cxd4 4.Nxd4 Nf6 5.Nc3 a6 6.Be3 Ng4 7.Bg5 h6 8.Bf4 g5
9.Bg3 Bg7 10.h3 Ne5 11.f3 Nbc6 12.Bf2 Be6 13.Qd2 Qa5 14.Be2 Ng6 15.g3 Rc8
16.a3 Nxd4 17.Bxd4 Bxd4 18.Qxd4 Qe5 19.Qxe5 Nxe5 20.f4 Nc4 21.O-O-O Nxa3
22.f5 Bd7 23.f6 Be6 24.Bg4 b5 25.fxe7 Kxe7 26.Rh2 Nc4 27.Nd5+ Kf8 28.Rf2 Kg7
29.Nf6 Rhf8 30.Nh5+ Kh7 31.Bxe6 fxe6 32.Rxf8 Rxf8 33.b3 Ne3 34.Rxd6 Rf1+
35.Kb2 b4 36.Rxe6 Rf2 37.Rc6 Re2 38.Kc1 a5 39.g4 Nf1 40.Rc7+ Kg8 41.Kd1 Rh2
42.Nf6+ Kf8 43.e5 Rf2 44.Ke1 Rf4 45.Nh5 Rf3 46.Ke2 Nh2 47.e6  1-0

[Event "Redbus KO"]
[Site "Southend ENG"]
[Date "2000.04.22"]
[Round "2.2"]
[White "Emms,J"]
[Black "Adams,Mi"]
[Result "1/2-1/2"]
[WhiteElo "2546"]
[BlackElo "2715"]

1.e4 e5 2.Nf3 Nf6 3.Nc3 Nc6 4.d4 exd4 5.Nxd4 Bb4 6.Nxc6 bxc6 7.Bd3 O-O 8.O-O d5
9.exd5 cxd5 10.Bg5 c6 11.Na4 Be6 12.c3 Be7 13.Re1 Re8 14.b4 h6 15.Bh4 Nd7
16.Bxe7 Qxe7 17.Bc2 Qg5 18.Re3 Bf5 19.Bxf5 Qxf5 20.Qd4 Qc2 21.Nc5 Rxe3 22.fxe3 Nxc5
23.Qxc5 Qa4 24.Rf1 Re8 25.h3 Re6 26.Rf2 Qa6 27.Rd2 Re4 28.Kh2  1/2-1/2

[Event "Redbus KO g/10"]
[Site "Southend ENG"]
[Date "2000.04.23"]
[Round "3.3"]
[White "Adams,Mi"]
[Black "Rowson,J"]
[Result "1/2-1/2"]
[WhiteElo "2715"]
[BlackElo "2499"]

1.e4 c5 2.Nf3 d6 3.c3 Nf6 4.Be2 Bd7 5.d3 Bc6 6.Nbd2 Nbd7 7.O-O g6 8.Re1 Bg7
9.Bf1 Ne5 10.d4 Nxf3+ 11.Qxf3 cxd4 12.cxd4 O-O 13.Qd3 a6 14.a4 b5 15.axb5 Bxb5
16.Qf3 Rc8 17.Bxb5 axb5 18.Nf1 Qb6 19.Be3 Qb7 20.d5 Ra8 21.Bd4 Rxa1 22.Rxa1 Ra8
23.Rc1 Ra4 24.Rd1 Qc7 25.Qe2 Qc4 26.Qxc4 Rxc4 27.f3 Nd7 28.Bxg7 Kxg7 29.Ne3 Rb4
30.Rd2 Ne5 31.Kf1 h5 32.Ke2 h4 33.Rc2 Rb3 34.h3 Kf6 35.Nd1 Nc4 36.Rc3 Rxc3
37.Nxc3 Nxb2 38.Nxb5 Ke5 39.Ke3 Nc4+  1/2-1/2

[Event "Redbus KO"]
[Site "Southend ENG"]
[Date "2000.04.24"]
[Round "4.2"]
[White "Adams,Mi"]
[Black "Lalic,B"]
[Result "1/2-1/2"]
[WhiteElo "2715"]
[BlackElo "2548"]

1.e4 c5 2.Nc3 d6 3.g3 Nc6 4.Bg2 g6 5.d3 Bg7 6.Be3 e5 7.Nge2 Nd4 8.h3 Ne7
9.O-O O-O 10.f4 Be6 11.Kh2 Qd7 12.Qd2 Rae8 13.Rae1 b6 14.g4 Nxe2 15.Nxe2 exf4
16.Nxf4 d5 17.Nxe6 Qxe6 18.exd5 Nxd5 19.Bf2 Qd7 20.c3 Nc7 21.Bg3 Rxe1 22.Rxe1 Rd8
23.c4 Bd4  1/2-1/2

[Event "Redbus KO"]
[Site "Southend ENG"]
[Date "2000.04.24"]
[Round "4.1"]
[White "Lalic,B"]
[Black "Adams,Mi"]
[Result "1/2-1/2"]
[WhiteElo "2548"]
[BlackElo "2715"]

1.d4 Nf6 2.c4 e6 3.Nf3 b6 4.g3 Ba6 5.Nbd2 Bb4 6.Qc2 Bb7 7.Bg2 Be4 8.Qb3 Bxd2+
9.Bxd2 O-O 10.O-O d6 11.Rfd1 Nbd7 12.Rac1 Re8 13.Qe3 a5 14.Bc3 d5 15.Ne5 Bxg2
16.Kxg2 Qc8 17.Qf3  1/2-1/2

[Event "34th Olympiad"]
[Site "Istanbul TUR"]
[Date "2000.10.29"]
[Round "2"]
[White "Adams,Mi"]
[Black "Gonzalez,Bernal"]
[Result "1-0"]
[WhiteElo "2755"]
[BlackElo "2428"]

1.e4 c5 2.Nf3 Nc6 3.d4 cxd4 4.Nxd4 g6 5.c4 Bg7 6.Be3 Nf6 7.Nc3 O-O 8.Be2 d6
9.O-O Bd7 10.Re1 Nxd4 11.Bxd4 Bc6 12.Bd3 a5 13.Qd2 Nd7 14.Re3 h6 15.Bxg7 Kxg7
16.Be2 a4 17.h4 Qa5 18.h5 g5 19.Rf1 Qe5 20.Nd5 a3 21.bxa3 e6 22.g3 Kh8 23.Kh2 g4
24.Nb4 Nf6 25.Nxc6 bxc6 26.Qd1 Nxe4 27.Kg1 f5 28.Bd3 d5 29.cxd5 exd5 30.Bxe4 fxe4
31.Qxg4 Ra7 32.Rc1 Qb2 33.Rf1 Rg7 34.Qd1 Qe5 35.Qc2 Rf6 36.a4 Re7 37.Rfe1 Qd6
38.Qb2 Kh7 39.a5 c5 40.Rb3 d4 41.Rb6 Qe5 42.Rxe4 Qxe4 43.Rxf6 Qe1+ 44.Kh2 Qe2
45.Qb3 Qxh5+ 46.Kg2 Re1 47.Rf7+ Kg6 48.Rd7  1-0

[Event "TCh-FRA"]
[Site "Monaco FRA"]
[Date "2001.02.04"]
[Round "3"]
[White "Adams,Mi"]
[Black "Leski,M"]
[Result "1-0"]
[WhiteElo "2746"]
[BlackElo "2420"]

1.e4 d6 2.d4 Nf6 3.Nc3 g6 4.Be3 c6 5.Qd2 b5 6.Bd3 e5 7.dxe5 dxe5 8.Nf3 Nbd7
9.a4 b4 10.Ne2 Ng4 11.Bg5 Qb6 12.O-O h6 13.Bh4 Bg7 14.a5 Qc5 15.Nc1 Ngf6
16.Nb3 Qd6 17.Rfd1 O-O 18.Qe1 Rb8 19.Bc4 Qc7 20.Nfd2 Nh5 21.f3 Nf4 22.Bf2 Re8
23.Kh1 Ne6 24.Qg1 Ra8 25.Nf1 Bf8 26.Rd2 h5 27.Rad1 Nf6 28.Ne3 Bh6 29.Bh4 Nh7
30.Rd6 Rb8 31.Bxe6 Bxe6 32.Nc5 Qxa5 33.Nxe6 Rxe6 34.Rxe6 fxe6 35.Nc4 Qc7
36.Rd6 Rc8 37.Qd1 Nf8 38.b3 Qg7 39.Bd8 Bf4 40.g3 Bh6 41.Kg2 h4 42.gxh4 Bf4
43.Bg5 Rc7 44.Qa1 Qh8 45.Rd8 Qg7 46.Ra8 Qd7 47.Bf6  1-0

[Event "Rapidplay Match"]
[Site "Cannes FRA"]
[Date "2001.03.18"]
[Round "3"]
[White "Adams,Mi"]
[Black "Tkachiev,V"]
[Result "1-0"]
[WhiteElo "2746"]
[BlackElo "2672"]

1.e4 c5 2.c3 d6 3.d4 Nf6 4.Bd3 g6 5.Nf3 Bg7 6.O-O O-O 7.h3 d5 8.e5 Ne4 9.Re1 Bf5
10.dxc5 Nd7 11.Bf4 Ndxc5 12.Bf1 Qb6 13.Re2 Rad8 14.Na3 Bd7 15.Be3 Ba4 16.Qc1 Qc7
17.Re1 a6 18.Nc2 Bxc2 19.Qxc2 b5 20.Rad1 e6 21.Qc1 Rc8 22.h4 Qb8 23.h5 Nd7
24.Bd4 b4 25.h6 Bh8 26.c4 Nb6 27.b3 Nc3 28.Bxc3 bxc3 29.Qxc3 dxc4 30.bxc4 Rc5
31.Qa3 Qc7 32.Rd6 Nxc4 33.Bxc4 Rxc4 34.Rxa6 Rc5 35.Ra8 Rxa8 36.Qxa8+ Qc8
37.Qxc8+ Rxc8 38.a4 Ra8 39.Rc1 f6 40.Rc7 fxe5 41.Ng5 Bf6 42.Ne4 Bd8 43.Rg7+ Kh8  1-0

[Event "Rapidplay Match"]
[Site "Cannes FRA"]
[Date "2001.03.19"]
[Round "6"]
[White "Tkachiev,V"]
[Black "Adams,Mi"]
[Result "1/2-1/2"]
[WhiteElo "2672"]
[BlackElo "2746"]

1.d4 Nf6 2.c4 e6 3.g3 d5 4.Bg2 dxc4 5.Nf3 Nc6 6.Qa4 Nd7 7.Qxc4 Nb6 8.Qb5 Bb4+
9.Nc3 Qd5 10.Qd3 e5 11.O-O Bxc3 12.Nxe5 Qxd4 13.Nxc6 Qxd3 14.exd3 Bf6 15.Re1+ Kf8
16.Na5 c6 17.Bd2 g5 18.Nb3 Kg7 19.Nc5 h6 20.Ne4 Bd4 21.Bc3 Rd8 22.Nc5 Kf8
23.Bxd4 Rxd4 24.Re4 Rxe4 25.dxe4 Ke7 26.Rd1 a5 27.Bf1 a4 28.a3 Ra5 29.Rc1 Nd7
30.Nxd7 Bxd7 31.f3 f5 32.exf5 Rxf5 33.Kf2 Rd5 34.Ke3 Re5+ 35.Kd2 Kd6 36.Bd3 Bf5
37.Be2 b5 38.Rc3 Rd5+ 39.Ke3 Bg6 40.Rc1 Re5+ 41.Kd2 Rd5+ 42.Ke3 Re5+ 43.Kd2  1/2-1/2

[Event "4NCL"]
[Site "Birmingham ENG"]
[Date "2001.09.23"]
[Round "2"]
[White "Conquest,S"]
[Black "Adams,Mi"]
[Result "0-1"]
[WhiteElo "2565"]
[BlackElo "2744"]

1.d4 Nf6 2.c4 e6 3.Nc3 Bb4 4.e3 O-O 5.Ne2 d5 6.a3 Be7 7.cxd5 exd5 8.g3 c6
9.Bg2 Na6 10.Qc2 Nc7 11.O-O a5 12.Bd2 Re8 13.Rad1 Ne6 14.Bc1 b5 15.f3 Ba6
16.Rfe1 Rc8 17.Kh1 b4 18.Na4 c5 19.Nxc5 Nxc5 20.dxc5 Bxc5 21.Bh3 Rc7 22.Qb3 bxa3
23.bxa3 Bc4 24.Qb2 Bxe3 25.Bxe3 Rxe3 26.Nd4 Rce7 27.Rxe3 Rxe3 28.Qc1 Re8
29.Re1 Rxe1+ 30.Qxe1 Qb6 31.Qa1 g6 32.Bg2 Nd7 33.h4 Qf6 34.Qd1 Nc5 35.Kh2 a4
36.f4 Qb6 37.h5 Qf6 38.hxg6 hxg6 39.Bf3 Nb3 40.Nc2 Qh8+ 41.Kg2 Qb2 42.Kh3 d4
43.f5 gxf5 44.Bc6 d3 45.Ne3 Qd4 46.Qf3 Nd2 47.Qf2 Ne4 48.Bxe4 fxe4 49.Qd2 Be6+
50.Kh2 Qh8+ 51.Kg1 Qe5 52.Qf2 Qa1+ 53.Kg2 Qxa3 54.Qf6 Qc5  0-1

[Event "TCh-ESP"]
[Site "Cala Galdana ESP"]
[Date "2001.10.14"]
[Round "2"]
[White "Pomes Marcet,J"]
[Black "Adams,Mi"]
[Result "0-1"]
[WhiteElo "2399"]
[BlackElo "2731"]

1.d4 Nf6 2.c4 e6 3.Nc3 Bb4 4.e3 O-O 5.Ne2 d5 6.a3 Be7 7.Ng3 dxc4 8.Qc2 Nbd7
9.Bxc4 c5 10.dxc5 Nxc5 11.O-O a6 12.b4 Ncd7 13.Bb2 b5 14.Be2 Bb7 15.Rfd1 Rc8
16.Qb3 Qb6 17.Rd2 Bc6 18.Rad1 Qb7 19.e4 Nb6 20.f3 Qb8 21.Nb1 g6 22.Bd4 e5
23.Bf2 Bd7 24.Qe3 Rc6 25.Nf1 Rfc8 26.g4 Be6 27.Bg3 Nfd7 28.Kg2 Qc7 29.h4 Na4
30.Qf2 Qb7 31.Ne3 Rc1 32.Nd5 Bd8 33.Qe1 R1c2 34.Ne3 Rxd2 35.Qxd2 Bb6 36.Nd5 Bxd5
37.Qxd5 Qxd5 38.Rxd5 Rc2 39.Rxd7 Rxe2+ 40.Kf1 Rb2 41.Nd2 Bd4 42.Rd8+ Kg7
43.Ke2 Ra2 44.Re8 Nb6 45.Kd1 Rxa3 46.g5 h5 47.Kc2 Rc3+ 48.Kd1 Nc4 49.Nxc4 bxc4
50.Bxe5+ Bxe5 51.Rxe5 Rxf3 52.Rc5 Rf4 53.Rxc4 Rxh4  0-1

[Event "TCh-BIH"]
[Site "Neum BIH"]
[Date "2002.06.06"]
[Round "7"]
[White "Nikolac,J"]
[Black "Adams,Mi"]
[Result "0-1"]
[WhiteElo "2428"]
[BlackElo "2744"]

1.Nf3 Nf6 2.c4 e6 3.g3 d5 4.Bg2 dxc4 5.O-O a6 6.Ne5 Qd4 7.Nf3 Qd6 8.a4 Nc6
9.Na3 Na5 10.Qc2 Qc5 11.d4 cxd3 12.Qxd3 Qf5 13.Qc3 Nc6 14.Nc4 Be7 15.Nh4 Qc5
16.Be3 Qb4 17.Qc2 Nd5 18.Bd2 Qc5 19.Nf3 Nb6 20.b3 Nxc4 21.bxc4 a5 22.Rab1 Nb4
23.Qb3 O-O 24.Be3 Qh5 25.h3 f6 26.Nd4 c6 27.Rfd1 e5 28.g4 Qg6 29.c5+ Qf7
30.Nf5 Bxf5 31.Qxf7+ Kxf7 32.gxf5 Rfd8 33.Rdc1 Rd7 34.Be4 Bf8 35.f3 Nd5 36.Bd2 Ne7
37.Be1 g6 38.fxg6+ hxg6 39.Rb2 f5 40.Bb1 Kf6 41.Ba2 Bh6 42.Rcb1 Be3+ 43.Kf1 Ra7
44.Rc2 f4 45.Bh4+ g5 46.Be1 Nf5 47.Kg2 Bd4 48.Rcc1 Ra8 49.Rb3 Ne3+ 50.Kh2 Rh8
51.Bb1 Rg7 52.Be4 g4 53.fxg4 Nxg4+  0-1

[Event "National I"]
[Site "Drancy FRA"]
[Date "2003.02.01"]
[Round "2"]
[White "Kosten,A"]
[Black "Adams,Mi"]
[Result "0-1"]
[WhiteElo "2545"]
[BlackElo "2734"]

1.c4 Nf6 2.g3 e6 3.Bg2 d5 4.Nf3 dxc4 5.Qa4+ c6 6.Qxc4 b5 7.Qc2 Bb7 8.O-O Nbd7
9.b3 Be7 10.Bb2 O-O 11.d3 c5 12.Nbd2 Nd5 13.Rac1 a5 14.a4 Nb4 15.Qb1 bxa4
16.bxa4 Nb6 17.Qa1 f6 18.Nc4 Nxc4 19.Rxc4 Bd5 20.Rc3 Qd7 21.Nd2 Qb7 22.Be4 Rab8
23.Rfc1 Rfc8 24.Bxd5 exd5 25.e4 c4 26.dxc4 dxe4 27.Rb3 Qc6 28.Ba3 Qxa4 29.Qb1 f5
30.Nf1 Nc6 31.Rcc3 Qxa3 32.Ne3 Qc5 33.Nd5 Rxb3  0-1

[Event "Edda Rapid"]
[Site "Reykjavic ISL"]
[Date "2003.03.04"]
[Round "4"]
[White "Adams,Mi"]
[Black "Macieja,B"]
[Result "1-0"]
[WhiteElo "2734"]
[BlackElo "2629"]

1.e4 e5 2.Nf3 Nf6 3.Nxe5 d6 4.Nf3 Nxe4 5.d4 d5 6.Bd3 Nc6 7.O-O Be7 8.c4 Nb4
9.Be2 O-O 10.Nc3 Be6 11.Ne5 c5 12.Be3 cxd4 13.Bxd4 Nxc3 14.bxc3 Nc6 15.Nxc6 bxc6
16.cxd5 cxd5 17.Bf3 Qa5 18.Bg4 Qa6 19.Bxe6 fxe6 20.Re1 Bf6 21.a4 Rac8 22.Ra2 Rc4
23.g3 h6 24.a5 Bxd4 25.cxd4 Rf6 26.Kg2 Rb4 27.Qg4 Rb7 28.Qd1 Rbf7 29.Re3 Rc7
30.Qe1 Kf7 31.Rb2 Qc4 32.Ree2 Qc3 33.Qd1 Kg8  1-0

[Event "National I"]
[Site "Bordeaux FRA"]
[Date "2003.04.04"]
[Round "4"]
[White "Adams,Mi"]
[Black "Mullon,J"]
[Result "1-0"]
[WhiteElo "2723"]
[BlackElo "2286"]

1.e4 e6 2.d4 d5 3.Nd2 Nf6 4.e5 Nfd7 5.Bd3 c5 6.c3 Nc6 7.Ne2 cxd4 8.cxd4 f6
9.exf6 Nxf6 10.Nf3 Bd6 11.O-O Qc7 12.Bg5 O-O 13.Bh4 Nh5 14.Nc3 a6 15.Rc1 g6
16.Na4 Qg7 17.Nb6 Rb8 18.Bxa6 Rxf3 19.Qxf3 Qxd4 20.Nxc8 Rxc8 21.Bxb7 Rf8
22.Qe3 Bxh2+ 23.Kxh2 Qxh4+ 24.Qh3 Qxh3+ 25.Kxh3 Ne5 26.Rc8 Nf4+ 27.Kh2 d4
28.a4  1-0

[Event "National I"]
[Site "Clermont-Ferrand FRA"]
[Date "2003.05.10"]
[Round "10"]
[White "Agrest,E"]
[Black "Adams,Mi"]
[Result "1/2-1/2"]
[WhiteElo "2591"]
[BlackElo "2723"]

1.Nf3 Nf6 2.c4 e6 3.Nc3 Bb4 4.Qc2 c5 5.a3 Ba5 6.g3 Nc6 7.Bg2 O-O 8.O-O d6
9.e3 e5 10.d3 a6 11.b3 Rb8 12.Nd2 Bd7 13.Nde4 Nxe4 14.dxe4 Bxc3 15.Qxc3 b5
16.Bd2 bxc4 17.bxc4 Be6 18.f4 f6 19.Bf3 exf4 20.gxf4 Qd7 21.Be1 Rb6 22.Bg3 Rfb8
23.Bd1 Bf7 24.Bc2 h5 25.Rf2 Qh3 26.f5 Rd8 27.Bf4 Ne5 28.Bd3 Rdb8 29.Bf1 Rb1
30.Rxb1 Rxb1 31.Qc2 Ra1 32.Qb2 Rd1 33.Qc2 Rxf1+ 34.Rxf1 Bxc4 35.Rf2 Bd3 36.Qa4 Kh7
37.Qd1 Bxe4 38.Qf1 Qxf1+ 39.Rxf1 Nc4 40.Rd1 d5 41.Rc1 Bxf5 42.Bb8 Nxa3 43.Rxc5 Be4
44.Kf2 Nc4 45.Bc7 Kg6 46.Rc6 a5 47.Ra6 Kf5 48.h3 Kg5 49.Ra7 Bf5 50.Bd8 g6
51.Kg3 h4+ 52.Kf2 Bxh3 53.Ra6 Bf5 54.Rxf6 Kg4 55.Rf8 Nd6 56.Bxa5 Ne4+ 57.Kg1 Ng5
58.Rh8 h3 59.Rd8 Be4 60.Rf8 Nf3+ 61.Kf2 g5 62.Rxf3 Bxf3 63.Bc7 Be4 64.Bd6 Bf5
65.Bc7 Be6 66.Bb8 Kf5 67.Bc7 Ke4 68.Bb8 g4 69.Bc7 Kd3 70.Bb8  1/2-1/2

[Event "1/4 Coupe de France"]
[Site "Senat FRA"]
[Date "2003.05.24"]
[Round "1"]
[White "Adams,Mi"]
[Black "Saiboulatov,D"]
[Result "1-0"]
[WhiteElo "2723"]
[BlackElo "2338"]

1.e4 e6 2.d4 d5 3.Nd2 Nf6 4.e5 Nfd7 5.c3 c5 6.f4 Nc6 7.Ndf3 Qb6 8.a3 Ncxe5
9.dxe5 Nxe5 10.Qxd5 exd5 11.fxe5 a5 12.b3 Be7 13.h4 f5 14.h5 h6 15.Ne2 O-O
16.Rg1 Qd8 17.Ra2 Bd7 18.g4 fxg4 19.Rxg4 Be8 20.Nh4 Bf7 21.Rg2 Rc8 22.Rg3 Qe8
23.a4 Qd7 24.Ba3 Be8 25.Bb4 axb4 26.cxb4 cxb4 27.Rg2 Bf7 28.Rf2 Bf6 29.Rd2 Kh8
30.Rc2 Kh7 31.Rxc8 Qe6 32.Rc7 Be8  1-0

[Event "ch-Europe Internet Blitz"]
[Site "playchess.com INT"]
[Date "2003.11.09"]
[Round "1.2"]
[White "Dovramadjiev,T"]
[Black "Adams,Mi"]
[Result "0-1"]
[WhiteElo "2312"]
[BlackElo "2725"]

1.c4 Nf6 2.g3 e6 3.Bg2 d5 4.Nf3 dxc4 5.Qa4+ c6 6.Qxc4 b5 7.Qc2 Bb7 8.d4 Nbd7
9.O-O c5 10.dxc5 Bxc5 11.Nc3 b4 12.Na4 Be7 13.b3 Rc8 14.Qd1 O-O 15.Bb2 Nc5
16.Nxc5 Rxc5 17.Rc1 Rxc1 18.Qxc1 Qa5 19.Qa1 Qa6 20.e3 Rd8 21.Bd4 Be4 22.Rc1 Qb7
23.Ne1 Bxg2 24.Nxg2 h6 25.Qb1 Ne4 26.Qc2 Ng5 27.h4 Nf3+ 28.Kf1 Nxd4 29.exd4 Bf6
30.Qc6 Qxc6 31.Rxc6 Bxd4 32.Nf4 Bc3 33.Rc7 Rd1+ 34.Kg2 Rd2 35.Rxa7 Bd4 36.Ra8+ Kh7
37.Nh3 e5 38.Ra4 Bc5 39.Ra5 Rc2 40.Kf3 f5 41.h5 Bd4 42.Ra4 Bc5 43.Ra5 Kg8
44.Ra8+ Kf7 45.Rc8 Ke6 46.Rc7 Kf6 47.Rc6+ Kf7 48.Rc7+ Kg8 49.Rc8+ Kh7 50.g4 Rc3+
51.Kg2 fxg4 52.Ng1 Rc2 53.Kh1 g5 54.Rc7+ Kg8 55.Rc6 Kg7 56.Rc7+ Kf6 57.Rc6+ Kf5
58.Rxh6 Bxf2 59.Rh7 Bg3  0-1

[Event "ch-Europe Internet Blitz"]
[Site "playchess.com INT"]
[Date "2003.11.09"]
[Round "1.3"]
[White "Adams,Mi"]
[Black "Dovramadjiev,T"]
[Result "1/2-1/2"]
[WhiteElo "2725"]
[BlackElo "2312"]

1.e4 c5 2.Nf3 g6 3.c3 d5 4.exd5 Qxd5 5.d4 Bg7 6.Be3 cxd4 7.Bxd4 Nf6 8.Nbd2 O-O
9.Bc4 Qa5 10.O-O Nc6 11.Be3 Rd8 12.Qb3 e6 13.Rad1 Qc7 14.Qc2 b6 15.Ne4 Bb7
16.Nxf6+ Bxf6 17.Be2 Na5 18.h3 Nc4 19.Bc1 Qc6 20.Rxd8+ Rxd8 21.Rd1 Nd6 22.Bf1 Nf5
23.Rxd8+ Bxd8 24.Qd3 Qd5 25.Qxd5 Bxd5 26.a3 f6 27.Nd2 Bc7 28.Nc4 e5 29.Ne3 Nxe3
30.Bxe3 Kf7 31.c4 Bc6 32.f3 e4 33.fxe4 Bxe4 34.c5 Bd5 35.cxb6 axb6 36.Bd4 f5
37.Kf2 Ke6 38.g3 Kd6 39.Bb5 Bb3 40.Be8 Be6 41.Be3 Kd5 42.Bb5 Ke4 43.Bc1 Bb3
44.Bc6+ Kd3 45.a4 Kc2 46.Be3 Kxb2 47.Bb5 Kc3 48.h4 Bc4 49.Be8 Kb4 50.Bd2+ Kb3
51.Be3 Kb4 52.Bd2+ Kc5 53.Be3+ Kb4  1/2-1/2

[Event "ch-Europe Internet Blitz"]
[Site "playchess.com INT"]
[Date "2003.11.09"]
[Round "2.2"]
[White "Hansen,SuB"]
[Black "Adams,Mi"]
[Result "1/2-1/2"]
[WhiteElo "2551"]
[BlackElo "2725"]

1.e4 e5 2.Nf3 Nc6 3.Bc4 Bc5 4.b4 Bb6 5.a4 a6 6.c3 d6 7.d3 Nf6 8.O-O O-O 9.Nbd2 Ne7
10.Bb3 Ng6 11.Nc4 Ba7 12.Be3 Be6 13.Bxa7 Rxa7 14.Ne3 Ra8 15.a5 h6 16.Re1 Qd7
17.Qc2 Rfe8 18.Rad1 Bxb3 19.Qxb3 Rad8 20.g3 Qe6 21.Qxe6 fxe6 22.Nc4 Rf8 23.Kg2 Rd7
24.Re2 Rdf7 25.Nfd2 Ne7 26.Rb1 Nd7 27.f3 Ra8 28.Ree1 Nc6 29.Rb2 Na7 30.Na3 Nb5
31.Nxb5 axb5 32.c4 bxc4 33.Nxc4 Rff8 34.Rc1 Rfb8 35.Nd2 c6 36.Nc4 d5 37.Ne3 Kf7
38.Kf2 Ke7 39.Ke2  1/2-1/2

[Event "EuCh-Internet KO"]
[Site "playchess.com INT"]
[Date "2004.11.07"]
[Round "3.3"]
[White "Adams,Mi"]
[Black "Psakhis,L"]
[Result "1-0"]
[WhiteElo "2740"]
[BlackElo "2545"]


1.e4 e6 2.d4 d5 3.Nd2 c5 4.exd5 exd5 5.Ngf3 Nc6 6.Bb5 Bd6 7.dxc5 Bxc5 8.O-O Ne7
9.Nb3 Bd6 10.Bg5 O-O 11.Re1 Qc7 12.Bh4 Nf5 13.Bg3 Nxg3 14.hxg3 Qb6 15.Bxc6 bxc6
16.Qd4 Be6 17.Qxb6 axb6 18.Nbd4 Bd7 19.Ne5 Bxe5 20.Rxe5 Rfe8 21.Rxe8+ Rxe8
22.b4 Ra8 23.a3 Kf8 24.f3 Ke7 25.Kf2 Kd6 26.Ke3 c5 27.bxc5+ bxc5 28.Ne2 d4+
29.Kd2 Kd5 30.Nf4+ Kc4 31.Nd3 f6 32.g4 Kd5 33.Nf4+ Kc4 34.Nd3 Kd5 35.c3 Bb5
36.Nf4+ Kd6 37.cxd4 cxd4 38.Nh5 Ra7 39.Ng3 g6 40.Ne4+ Ke7 41.g3 h6 42.f4 Bd7
43.Nf2 Kd6 44.Ne4+ Ke7 45.g5 hxg5 46.fxg5 fxg5 47.Nxg5 Bb5 48.Nf3 d3 49.Nd4 Ra5
50.Rb1 Bd7 51.Rb3 Kf6 52.Rxd3 Bg4 53.Nc6 Ra6 54.Nb4 Ra4 55.Rd4 Bf5 56.Nd5+  1-0

[Event "EuCh-Internet KO"]
[Site "playchess.com INT"]
[Date "2004.11.07"]
[Round "3.2"]
[White "Psakhis,L"]
[Black "Adams,Mi"]
[Result "1/2-1/2"]
[WhiteElo "2545"]
[BlackElo "2740"]


1.Nf3 Nf6 2.c4 e6 3.Nc3 Bb4 4.Qc2 O-O 5.a3 Bxc3 6.Qxc3 b6 7.b4 a5 8.Bb2 axb4
9.axb4 Rxa1+ 10.Bxa1 c5 11.bxc5 bxc5 12.e3 d6 13.Be2 e5 14.O-O Nc6 15.d4 cxd4
16.exd4 Bg4 17.dxe5 Nxe5 18.Nxe5 Bxe2 19.Re1  1/2-1/2

[Event "EuCh-Internet KO"]
[Site "playchess.com INT"]
[Date "2004.11.07"]
[Round "3.1"]
[White "Adams,Mi"]
[Black "Psakhis,L"]
[Result "1/2-1/2"]
[WhiteElo "2740"]
[BlackElo "2545"]


1.e4 e6 2.d4 d5 3.Nd2 c5 4.Ngf3 Nc6 5.Bb5 a6 6.Bxc6+ bxc6 7.O-O Nf6 8.e5 Nd7
9.c4 a5 10.Re1 Ba6 11.cxd5 cxd5 12.Nf1 Bxf1 13.Kxf1 Be7 14.Be3 O-O 15.Rc1 c4
16.b3 Nb6 17.Nd2 Bb4 18.Re2 cxb3 19.axb3 a4 20.bxa4 Rxa4 21.g3 Bxd2 22.Rxd2 Qa8
23.Rdc2 Nc4 24.Bg5 h6 25.Be7 Rc8 26.Kg2 Ra2 27.Bc5 Qa4 28.Rxa2 Qxa2 29.Kg1 Ra8
30.h4 Qd2 31.Qxd2 Nxd2 32.Rc2 Nb3 33.Bb6 Rb8 34.Rc6 Nd2 35.h5 Rb7 36.Kg2 Kh7
37.g4 g6 38.hxg6+ Kxg6 39.f4 Nc4 40.Bc5 Ne3+ 41.Kf3 Rb3 42.Rc8 h5 43.gxh5+ Kxh5
44.Rf8 Kg6 45.Rg8+ Kh7 46.Rf8 Kg6 47.Rg8+ Kh7 48.Rf8  1/2-1/2

[Event "Russian Blitz Internet Cup Superfinal"]
[Site "chessassistantclub.com INT"]
[Date "2004.12.28"]
[Round "4"]
[White "Adams,Mi"]
[Black "Kosyrev,V"]
[Result "0-1"]
[WhiteElo "2740"]
[BlackElo "2539"]

1.e4 e6 2.d3 d5 3.Nd2 Nf6 4.g3 c5 5.Bg2 b6 6.e5 Nfd7 7.f4 Bb7 8.Ngf3 Nc6
9.O-O Be7 10.c4 d4 11.Ne4 Qc7 12.Bd2 h6 13.h4 O-O-O 14.a3 f5 15.Nf2 g5 16.fxg5 hxg5
17.Bxg5 Rdg8 18.Nh3 Ndxe5 19.Nxe5 Nxe5 20.Bxb7+ Qxb7 21.Qe2 Bxg5 22.Nxg5 Rxg5
23.Qxe5 Rxh4 24.Qxe6+ Qd7 25.Qxd7+ Kxd7 26.Rf3 f4 27.Raf1 Rxg3+ 28.Rxg3 fxg3
29.Rf7+ Kc6 30.Rxa7 Rh2 31.b4 cxb4 32.axb4 Rd2 33.b5+ Kc5 34.Rc7+ Kb4 35.Rc6 Rxd3
36.Rxb6 Kxc4 37.Rb8 Rb3 38.b6 Rb2 39.b7 Kd3 40.Kf1 Kd2 41.Kg2 d3 42.Kxg3 Kd1
43.Kf3 d2 44.Kf2 Rb6 45.Kf1 Rf6+ 46.Kg2 Rf7 47.Kg3 Rg7+ 48.Kf2 Rf7+ 49.Kg3 Rd7
50.Kf2 Re7 51.Kg3 Ke1  0-1

[Event "Russian Blitz Internet Cup Superfinal"]
[Site "chessassistantclub.com INT"]
[Date "2004.12.28"]
[Round "11"]
[White "Dobrov,V"]
[Black "Adams,Mi"]
[Result "1-0"]
[WhiteElo "2487"]
[BlackElo "2740"]

1.d4 Nf6 2.c4 e6 3.Nc3 Bb4 4.Qc2 O-O 5.a3 Bxc3+ 6.Qxc3 Ne4 7.Qc2 f5 8.Nf3 b6
9.e3 Bb7 10.Bd3 Ng5 11.Nxg5 Qxg5 12.f3 c5 13.O-O Nc6 14.d5 Ne7 15.Bd2 exd5
16.cxd5 Nxd5 17.Bc4 Kh8 18.Bxd5 Bxd5 19.e4 f4 20.exd5 Qxd5 21.Bc3 Rae8 22.Rad1 Qf7
23.Qd3 Re7 24.Rd2 h6 25.Qd5 Qg6 26.Qd6 Qxd6 27.Rxd6 Kh7 28.Rfd1 Rff7 29.Kf2 g5
30.a4  1-0